[Event "Sonderjysk EMT Basis 2 2011"]
[Site "Vojens"]
[Date "2011.05.02"]
[Round "1"]
[White "Jorgensen, Kristine Gejl"]
[Black "Kristensen, Karl Martin"]
[Result "0-1"]
[WhiteElo "1038"]
[BlackElo "1402"]
[PlyCount "50"]
[EventDate "2011.??.??"]

1. e4 e5 2. Nf3 d6 3. Nc3 g6 4. d3 Bg7 5. Be3 Be6 6. Be2 h6 7. O-O Ne7 8. Qd2
f5 9. exf5 Nxf5 10. h3 Nxe3 11. Qxe3 c6 12. d4 O-O 13. dxe5 d5 14. Bd3 g5 15.
Nd4 Qe7 16. Nxe6 Qxe6 17. Rae1 Nd7 18. g3 Qxh3 19. e6 Ne5 20. f4 gxf4 21. gxf4
Qg4+ 22. Kh1 Rxf4 23. Re2 Nf3 24. Rg1 Qh3+ 25. Rh2 Qxh2# 0-1

[Event "Sonderjysk EMT Basis 2 2011"]
[Site "Vojens"]
[Date "2011.05.02"]
[Round "1"]
[White "Schluenzen, Kurt"]
[Black "Pedersen, Michael"]
[Result "1-0"]
[WhiteElo "1131"]
[BlackElo "1199"]
[PlyCount "31"]
[EventDate "2011.??.??"]

1. d4 d5 2. c4 dxc4 3. e3 b5 4. a4 c6 5. axb5 cxb5 6. Qf3 Qc7 7. Qxa8 Nc6 8.
Bd2 e6 9. Be2 Nf6 10. Bf3 Nd5 11. Bxd5 exd5 12. Nc3 Bb4 13. Nxb5 Bxd2+ 14. Kxd2
Qe7 15. Qxc8+ Nd8 16. Qa8 1-0

[Event "Sonderjysk EMT Basis 2 2011"]
[Site "Vojens"]
[Date "2011.05.02"]
[Round "1"]
[White "Underbjerg, Niels"]
[Black "Jorgensen, Ken Gejl"]
[Result "0-1"]
[WhiteElo "1218"]
[BlackElo "1390"]
[PlyCount "27"]
[EventDate "2011.??.??"]

1. e4 e5 2. Nf3 Nc6 3. Bc4 Bc5 4. d3 h6 5. O-O d6 6. Nc3 Nf6 7. h3 a6 8. a3 Qe7
9. Nd5 Nxd5 10. Bxd5 Nd8 11. b4 Ba7 12. Bb2 Be6 13. Bxe6 Nxe6 14. c4 0-1

[Event "Sonderjysk EMT Basis 2 2011"]
[Site "Graasten"]
[Date "2011.05.05"]
[Round "1"]
[White "Kallesen, Jesper"]
[Black "Clausen, Susan"]
[Result "1-0"]
[WhiteElo "1454"]
[BlackElo "1436"]
[PlyCount "107"]
[EventDate "2011.??.??"]

1. e4 e6 2. d4 d5 3. Nc3 dxe4 4. Nxe4 b6 5. Qf3 c6 6. Be3 Be7 7. O-O-O Nf6 8.
Nxf6+ Bxf6 9. Bb5 O-O 10. Bxc6 Nxc6 11. Qxc6 Bd7 12. Qd6 Be7 13. Qg3 Bc6 14.
Nf3 Bxf3 15. gxf3 g6 16. h4 h5 17. Bg5 Rc8 18. Bxe7 Qxe7 19. Qe5 Rfe8 20. Rdg1
Qc7 21. Qxc7 Rxc7 22. Rd1 a5 23. Rhe1 Ree7 24. Re5 Kg7 25. Rde1 Kf6 26. Rb5 Rb7
27. c4 Red7 28. Re4 Rdc7 29. b3 Rc6 30. Kb2 Rb8 31. c5 Kg7 32. cxb6 Rcxb6 33.
Rxa5 f5 34. Re3 Rd6 35. Kc3 Rc8+ 36. Rc5 Rcd8 37. Rc4 Kf6 38. f4 Ra8 39. a4 Rb6
40. Re5 Rd6 41. a5 Rd5 42. Rxd5 exd5 43. Rc6+ Kf7 44. a6 Ra7 45. b4 Ra8 46.
Rc7+ Ke6 47. a7 Kd6 48. Rg7 Kc6 49. Rxg6+ Kc7 50. b5 Rxa7 51. Rg7+ Kb6 52. Rxa7
Kxa7 53. Kb4 Kb6 54. f3 1-0

[Event "Sonderjysk EMT Basis 2 2011"]
[Site "Vojens"]
[Date "2011.05.02"]
[Round "1"]
[White "Petersen, Broder"]
[Black "Bertelsen, Jorn"]
[Result "1/2-1/2"]
[WhiteElo "1451"]
[BlackElo "1474"]
[PlyCount "101"]
[EventDate "2011.??.??"]

1. c4 e5 2. e4 Nf6 3. Nc3 Bc5 4. d3 Nc6 5. f4 d6 6. Be2 Nd4 7. h3 Bd7 8. Nf3
exf4 9. Bxf4 Ne6 10. Qd2 Nxf4 11. Qxf4 h6 12. d4 Bb4 13. O-O Qe7 14. Bd3 g5 15.
Qe3 O-O-O 16. a3 Bxc3 17. bxc3 g4 18. hxg4 Nxg4 19. Qf4 Rdg8 20. Nh2 Nxh2 21.
Kxh2 Rg7 22. Qf6 Qxf6 23. Rxf6 Kd8 24. Raf1 Ke7 25. Be2 Rhg8 26. R1f2 Rh8 27.
Bh5 Be8 28. a4 a5 29. R6f5 b6 30. c5 Rhg8 31. cxd6+ cxd6 32. Rb2 Rf8 33. Bf3
Bd7 34. Rh5 Rc8 35. Rxb6 Rxc3 36. Rxa5 Rc7 37. e5 dxe5 38. Rxe5+ Kd8 39. a5 Rg6
40. Rb8+ Rc8 41. Rxc8+ Bxc8 42. Bd5 f6 43. Rh5 Rg5 44. Bf3 Ba6 45. Rxh6 Rxa5
46. Rxf6 Ke7 47. Rb6 Bb5 48. g4 Bc4 49. Kg3 Be6 50. Kf4 Ra4 51. g5 1/2-1/2

[Event "Sonderjysk EMT Basis 2 2011"]
[Site "Vojens"]
[Date "2011.05.02"]
[Round "1"]
[White "Jorgensen, Palle Gejl"]
[Black "Beck, Kresten"]
[Result "0-1"]
[WhiteElo "1425"]
[BlackElo "1257"]
[PlyCount "85"]
[EventDate "2011.??.??"]

1. e4 e5 2. Nf3 d6 3. h3 Nf6 4. Nc3 a6 5. Bc4 Nc6 6. d3 h6 7. a3 Be7 8. Be3 O-O
9. Qd2 Nh7 10. O-O-O Ng5 11. Nxg5 Bxg5 12. Bxg5 Qxg5 13. Qxg5 hxg5 14. g4 Ne7
15. Ne2 g6 16. Rdf1 Kg7 17. f3 Rh8 18. c3 b5 19. Ba2 Bd7 20. d4 exd4 21. Nxd4
c5 22. Nc2 Be6 23. Bxe6 fxe6 24. Ne3 Raf8 25. Kc2 a5 26. b4 a4 27. c4 Nc6 28.
Ng2 Nd4+ 29. Kd3 Nxf3 30. Ke3 Ne5 31. Rc1 Rf3+ 32. Ke2 Rfxh3 33. Rhd1 Rd8 34.
Ne3 Rh2+ 35. Kf1 Rf8+ 36. Kg1 Nf3+ 37. Kf1 Nd2+ 38. Kg1 Rhh8 39. Rb1 Nf3+ 40.
Kf1 Nd2+ 41. Ke1 Nxb1 42. Rxb1 Rh1+ 43. Nf1 0-1

[Event "Sonderjysk EMT Basis 2 2011"]
[Site "Vojens"]
[Date "2011.05.02"]
[Round "1"]
[White "Hansen, Uwe"]
[Black "Jessen, Morten"]
[Result "1-0"]
[WhiteElo "1392"]
[BlackElo "1410"]
[PlyCount "73"]
[EventDate "2011.??.??"]

1. e4 c5 2. Bc4 d6 3. Nf3 Nf6 4. Nc3 a6 5. O-O b5 6. Bd5 Nxd5 7. Nxd5 Nc6 8. c3
Bg4 9. d4 Bxf3 10. gxf3 cxd4 11. cxd4 g6 12. Be3 Bg7 13. Nf4 Rc8 14. Ne2 O-O
15. a3 Qd7 16. b4 Rc7 17. Rc1 Rfc8 18. Nf4 e6 19. d5 Ne5 20. Rxc7 Rxc7 21. dxe6
fxe6 22. Kg2 Rc3 23. Bd4 Rxa3 24. Bxe5 Bxe5 25. Nd3 Qg7 26. f4 Bf6 27. e5 dxe5
28. fxe5 Bxe5 29. Qe2 Bf6 30. Qxe6+ Qf7 31. Qc8+ Kg7 32. Nf4 Kh6 33. Rd1 Bh4
34. Qg4 g5 35. Rd6+ Kg7 36. Rd7 Ra2 37. Rxf7+ 1-0

[Event "Sonderjysk EMT Basis 2 2011"]
[Site "Vojens"]
[Date "2011.05.09"]
[Round "2"]
[White "Kristensen, Karl Martin"]
[Black "Schluenzen, Kurt"]
[Result "1-0"]
[WhiteElo "1402"]
[BlackElo "1131"]
[PlyCount "63"]
[EventDate "2011.??.??"]

1. e4 c6 2. Bc4 d5 3. exd5 cxd5 4. Bb3 Bf5 5. d3 e6 6. d4 Nf6 7. Bg5 Be7 8. Nf3
h6 9. Bh4 O-O 10. h3 Nfd7 11. Bxe7 Qxe7 12. Nbd2 b5 13. Qe2 a6 14. Bxd5 Ra7 15.
a3 Qd6 16. Be4 Bxe4 17. Nxe4 Qe7 18. O-O Re8 19. c4 bxc4 20. Qxc4 Nb6 21. Qc5
Nd5 22. Rac1 Rc7 23. Qxe7 Rexe7 24. Nc3 Nf4 25. Rc2 Re8 26. Rd1 Rd7 27. Ne2 Nd5
28. Rdc1 Red8 29. Ne5 Re7 30. Nc6 Nxc6 31. Rxc6 a5 32. Ra6 1-0

[Event "Sonderjysk EMT Basis 2 2011"]
[Site "Vojens"]
[Date "2011.05.09"]
[Round "2"]
[White "Jorgensen, Kristine Gejl"]
[Black "Petersen, Broder"]
[Result "0-1"]
[WhiteElo "1038"]
[BlackElo "1451"]
[PlyCount "62"]
[EventDate "2011.??.??"]

1. e4 e5 2. Nf3 Nc6 3. d3 Bc5 4. Nc3 d6 5. Be2 f5 6. O-O f4 7. Nd2 Nf6 8. Nb3
Bb6 9. Nd5 Nxd5 10. exd5 Nd4 11. Nxd4 Bxd4 12. c3 Bb6 13. Bg4 O-O 14. Bxc8 Qxc8
15. Qf3 Qf5 16. b3 g5 17. h3 Rae8 18. Re1 Rf6 19. Bb2 Rg6 20. g4 Qf7 21. Rf1
Kg7 22. a4 a5 23. c4 h5 24. Bc3 hxg4 25. Qxg4 Rh8 26. Kg2 Rh4 27. Qe2 Qf5 28.
Rh1 g4 29. Rag1 f3+ 30. Qxf3 Qxf3+ 31. Kf1 Qxf2# 0-1

[Event "Sonderjysk EMT Basis 2 2011"]
[Site "Vojens"]
[Date "2011.05.09"]
[Round "2"]
[White "Jorgensen, Ken Gejl"]
[Black "Kallesen, Jesper"]
[Result "0-1"]
[WhiteElo "1390"]
[BlackElo "1454"]
[PlyCount "56"]
[EventDate "2011.??.??"]

1. e4 e5 2. f4 d6 3. Nf3 Nc6 4. Bb5 Bd7 5. O-O Nf6 6. Qe2 exf4 7. d4 Qe7 8. Nc3
a6 9. Bd3 Bg4 10. Qf2 Bxf3 11. gxf3 g5 12. a3 Bg7 13. Kh1 O-O-O 14. Bd2 d5 15.
Rae1 dxe4 16. Nxe4 Nxe4 17. Bxe4 Bxd4 18. Bf5+ Kb8 19. Rxe7 Bxf2 20. Rxf2 Nxe7
21. Be4 Nd5 22. h3 Ne3 23. Kh2 Rxd2 24. Kg1 Rxf2 25. Kxf2 Nd1+ 26. Ke1 Nxb2 27.
Kd2 Rd8+ 28. Kc3 Na4+ 0-1

[Event "Sonderjysk EMT Basis 2 2011"]
[Site "Vojens"]
[Date "2011.05.09"]
[Round "2"]
[White "Bertelsen, Jorn"]
[Black "Larsen, Finn (1954)"]
[Result "1-0"]
[WhiteElo "1474"]
[BlackElo "1047"]
[PlyCount "77"]
[EventDate "2011.??.??"]

1. d4 d5 2. e3 Nf6 3. c4 c6 4. Nc3 Bf5 5. Qb3 b6 6. Nf3 e6 7. cxd5 cxd5 8. Bb5+
Nbd7 9. Ne5 a5 10. O-O Bd6 11. Nxd7 Nxd7 12. Qa4 Ra7 13. Bc6 O-O 14. Nb5 Bxh2+
15. Kxh2 Nf6 16. f3 Qb8+ 17. f4 Ng4+ 18. Kg3 Re7 19. Nc3 h5 20. Rh1 g6 21. Bb5
f6 22. Be2 e5 23. Bxg4 exf4+ 24. exf4 Bxg4 25. Nxd5 Re2 26. Qc4 Kg7 27. Qc7+
Qxc7 28. Nxc7 Rf7 29. Nb5 Rfe7 30. a4 g5 31. fxg5 fxg5 32. Bxg5 Rf7 33. Raf1
Rf5 34. Rxf5 Bxf5 35. Rf1 Kg6 36. Bd8 Rxb2 37. Bxb6 Rb4 38. Ra1 Bc2 39. Bxa5
1-0

[Event "Sonderjysk EMT Basis 2 2011"]
[Site "Vojens"]
[Date "2011.05.09"]
[Round "2"]
[White "Clausen, Susan"]
[Black "Jorgensen, Palle Gejl"]
[Result "1-0"]
[WhiteElo "1436"]
[BlackElo "1425"]
[PlyCount "77"]
[EventDate "2011.??.??"]

1. d4 d5 2. e3 Nf6 3. Nf3 Nc6 4. Bd2 a6 5. c4 dxc4 6. Bxc4 b5 7. Bd3 e6 8. a3
Bb7 9. Nc3 Be7 10. Qc2 Qd7 11. Ne4 Nd5 12. Nc5 Bxc5 13. Qxc5 Qd6 14. Qc2 Nf6
15. Ng5 g6 16. Ne4 Nxe4 17. Bxe4 f5 18. Bf3 Rb8 19. Rc1 Kd7 20. O-O Rhc8 21.
Bc3 Ne7 22. Bxb7 Rxb7 23. Rfd1 Qd5 24. f3 Qc4 25. e4 f4 26. Qf2 Ke8 27. Qh4 Qe2
28. Qxf4 c5 29. dxc5 Rxc5 30. Rd2 Qc4 31. Rcd1 Rc8 32. Ba5 Qc5+ 33. Kh1 Nc6 34.
Bc3 Rf7 35. Qg4 Nd8 36. Ba5 Qe3 37. Rxd8+ Rxd8 38. Qxe6+ Re7 39. Rxd8# 1-0

[Event "Sonderjysk EMT Basis 2 2011"]
[Site "Vojens"]
[Date "2011.05.19"]
[Round "2"]
[White "Beck, Kresten"]
[Black "Hansen, Uwe"]
[Result "0-1"]
[WhiteElo "1257"]
[BlackElo "1392"]
[PlyCount "132"]
[EventDate "2011.??.??"]

1. e4 e5 2. Nf3 Nc6 3. Bc4 Bc5 4. d3 d6 5. Nc3 Bg4 6. h3 Bh5 7. Na4 Bb6 8. Nxb6
axb6 9. Bb5 Nge7 10. Qe2 O-O 11. Bxc6 Nxc6 12. Bd2 Nd4 13. Qd1 Bxf3 14. gxf3
Qf6 15. f4 exf4 16. c3 Ne6 17. Qg4 Ra5 18. h4 Qg6 19. Qxg6 hxg6 20. f3 Rh5 21.
Ke2 Kh7 22. Rag1 Rh8 23. a3 Kg8 24. Be1 g5 25. Rg4 g6 26. d4 f6 27. Kf1 Kf7 28.
d5 Nc5 29. Rhg1 Nd3 30. hxg5 fxg5 31. Bf2 Nxb2 32. Rxg5 Rxg5 33. Rxg5 Nc4 34.
Rg4 Nxa3 35. Rxf4+ Ke8 36. Rg4 Rg8 37. Ke2 Nc4 38. Rg1 Kf7 39. Rh1 c5 40. Kd3
Ne5+ 41. Ke2 Kg7 42. Rg1 Ra8 43. Rb1 Ra2+ 44. Kf1 Nc4 45. Kg1 g5 46. Be3 Kf6
47. f4 gxf4 48. Bxf4 Re2 49. Rf1 Kg6 50. Rb1 Rxe4 51. Bc1 Re2 52. Kf1 Rc2 53.
Bf4 Rxc3 54. Ke2 Kf5 55. Bh6 Ke4 56. Rh1 Kxd5 57. Rh5+ Kc6 58. Rh4 b5 59. Bf4
b4 60. Bd2 Nxd2 61. Kxd2 d5 62. Rh8 Kb5 63. Rb8 b6 64. Rh8 d4 65. Rh1 b3 66.
Rb1 Kb4 0-1

[Event "Sonderjysk EMT Basis 2 2011"]
[Site "Aabenraa"]
[Date "2011.05.09"]
[Round "2"]
[White "Pedersen, Michael"]
[Black "Underbjerg, Niels"]
[Result "0-1"]
[WhiteElo "1199"]
[BlackElo "1218"]
[PlyCount "62"]
[EventDate "2011.??.??"]

1. e4 e5 2. Nf3 Nc6 3. d4 exd4 4. Nxd4 Qe7 5. Nc3 Nxd4 6. Qxd4 Nf6 7. Bd3 Qc5
8. Qxc5 Bxc5 9. a3 O-O 10. Bg5 Ng4 11. f3 Ne5 12. Bf4 Nxd3+ 13. cxd3 d6 14. Nd5
Bb6 15. Rc1 Rd8 16. Nxc7 Bxc7 17. Rxc7 Be6 18. Rxb7 Rdc8 19. O-O Rc6 20. d4 Bc4
21. d5 Ra6 22. Rc1 Rc8 23. Be3 f6 24. b3 Rxa3 25. bxc4 Rxe3 26. Rxa7 Rb8 27.
Rd7 Rb2 28. Rxd6 Ree2 29. Rf1 Rxg2+ 30. Kh1 Rxh2+ 31. Kg1 Rbg2# 0-1

[Event "Sonderjysk EMT Basis 2 2011"]
[Site "Vojens"]
[Date "2011.05.16"]
[Round "3"]
[White "Kallesen, Jesper"]
[Black "Kristensen, Karl Martin"]
[Result "1-0"]
[WhiteElo "1454"]
[BlackElo "1402"]
[PlyCount "73"]
[EventDate "2011.??.??"]

1. e4 e5 2. b3 g6 3. Nf3 Bg7 4. Bb2 d6 5. Be2 f5 6. d3 Nc6 7. O-O f4 8. d4 exd4
9. Nxd4 Nxd4 10. Bxd4 Bxd4 11. Qxd4 Qf6 12. Qc3 c6 13. Rd1 Qxc3 14. Nxc3 Ke7
15. b4 Nf6 16. b5 Be6 17. Rab1 Rab8 18. Rb4 Rhd8 19. Rdb1 c5 20. Ra4 Ra8 21. h3
h5 22. Bf3 Nd7 23. Rd1 Nb6 24. Ra3 Nc4 25. Rb3 Rd7 26. Nd5+ Kf7 27. Nxf4 Na5
28. Rbd3 Bxa2 29. Ra3 Bc4 30. Rxa5 b6 31. Ra3 Bxb5 32. e5 Re8 33. e6+ Rxe6 34.
Nxe6 Kxe6 35. Re1+ Kf5 36. Bd5 Kg5 37. c4 1-0

[Event "Sonderjysk EMT Basis 2 2011"]
[Site "Vojens"]
[Date "2011.05.16"]
[Round "3"]
[White "Bertelsen, Jorn"]
[Black "Beck, Kresten"]
[Result "1/2-1/2"]
[WhiteElo "1474"]
[BlackElo "1257"]
[PlyCount "124"]
[EventDate "2011.??.??"]

1. d4 d5 2. e3 Nf6 3. c4 dxc4 4. Bxc4 e6 5. Nc3 Nc6 6. Nf3 h6 7. a3 a6 8. O-O
Be7 9. Qc2 O-O 10. b4 b5 11. Bb3 Bb7 12. Nd2 Bd6 13. Nde4 Na7 14. Bb2 Nxe4 15.
Nxe4 Qe7 16. Nc5 Bxc5 17. bxc5 Qg5 18. f3 Qxe3+ 19. Kh1 Qg5 20. Rae1 Bd5 21.
Bxd5 Qxd5 22. Re5 Qd8 23. Qe4 Qd7 24. Rh5 f5 25. Qe5 Nc6 26. Qg3 f4 27. Qg4 Kh7
28. Re1 Rf5 29. Rxf5 exf5 30. Qxf4 Ne7 31. Qe5 Ng6 32. Qe6 Qxe6 33. Rxe6 Nf4
34. Rc6 Re8 35. Bc3 Nd5 36. Ba5 b4 37. Kg1 bxa3 38. Rxa6 a2 39. Bd2 Re2 40.
Rxa2 Nc3 41. Kf1 Rxg2 42. Kxg2 Nxa2 43. Kf2 Kg6 44. Ke3 Kf6 45. Kd3 Ke6 46. Kc4
c6 47. Bf4 g5 48. Bd2 f4 49. d5+ cxd5+ 50. Kb5 Kd7 51. Kb6 Kc8 52. Kc6 d4 53.
Kd5 Kc7 54. h3 Nc3+ 55. Kxd4 Ne2+ 56. Ke4 Ng1 57. Kf5 Nxh3 58. Kg4 Nf2+ 59. Kh5
Nd3 60. Kxh6 Ne5 61. Kxg5 Nxf3+ 62. Kxf4 Nxd2 1/2-1/2

[Event "Sonderjysk EMT Basis 2 2011"]
[Site "Vojens"]
[Date "2011.05.16"]
[Round "3"]
[White "Jessen, Morten"]
[Black "Clausen, Susan"]
[Result "1/2-1/2"]
[WhiteElo "1410"]
[BlackElo "1436"]
[PlyCount "63"]
[EventDate "2011.??.??"]

1. d4 d5 2. Nf3 e6 3. e3 Nf6 4. c4 b6 5. cxd5 Qxd5 6. a3 Be7 7. Bd3 Bb7 8. Nc3
Qd7 9. O-O a6 10. Re1 c5 11. dxc5 Bxc5 12. b4 Be7 13. Bb2 Qc7 14. Rc1 Qd8 15.
Be2 Nbd7 16. Qd3 Rc8 17. Rc2 O-O 18. Rec1 b5 19. h3 Qb6 20. Qd4 Qxd4 21. Nxd4
Rfd8 22. Bd3 g6 23. f4 e5 24. Nb3 exf4 25. exf4 Nb6 26. Bf1 Nbd5 27. Nxd5 Nxd5
28. Na5 Rxc2 29. Rxc2 Ba8 30. g3 h6 31. Nc6 Rc8 32. Nxe7+ 1/2-1/2

[Event "Sonderjysk EMT Basis 2 2011"]
[Site "Vojens"]
[Date "2011.05.16"]
[Round "3"]
[White "Petersen, Broder"]
[Black "Hansen, Uwe"]
[Result "0-1"]
[WhiteElo "1451"]
[BlackElo "1392"]
[PlyCount "149"]
[EventDate "2011.??.??"]

1. c4 e6 2. d4 c6 3. e4 d5 4. e5 Ne7 5. f4 Ng6 6. Nf3 Be7 7. Nc3 a6 8. a4 Nd7
9. c5 b6 10. b4 Bb7 11. Bd3 O-O 12. O-O b5 13. axb5 axb5 14. Rxa8 Qxa8 15. Qc2
Qe8 16. f5 exf5 17. Bxf5 Bc8 18. e6 fxe6 19. Bxe6+ Kh8 20. Bf5 Nb8 21. Bxg6
Qxg6 22. Qxg6 hxg6 23. Ne5 Rxf1+ 24. Kxf1 Kh7 25. g3 g5 26. Kf2 Kh6 27. h4 Kh5
28. hxg5 Bxg5 29. Bxg5 Kxg5 30. Kf3 Kf6 31. g4 Kg5 32. Nf7+ Kf6 33. Ne5 g5 34.
Ne2 Bb7 35. Ng3 Na6 36. Nh5+ Ke7 37. Nd3 Nc7 38. Ng3 Ne6 39. Nf5+ Kf6 40. Ke3
Bc8 41. Nd6 Bd7 42. Ne5 Ke7 43. Nb7 Nd8 44. Nxd8 Kxd8 45. Nf7+ Ke7 46. Nxg5
Bxg4 47. Kf4 Bc8 48. Ke5 Bg4 49. Nh7 Bh3 50. Ng5 Bc8 51. Nf3 Bg4 52. Nd2 Bc8
53. Nb3 Bd7 54. Na5 Be8 55. Nb7 Bd7 56. Nd6 Bh3 57. Kf4 Be6 58. Kg5 Bd7 59. Kg6
Be6 60. Kg7 Bh3 61. Nf7 Bg4 62. Ne5 Bh3 63. Nxc6+ Kd7 64. Ne5+ Ke6 65. Kf8 Kf5
66. Ke7 Ke4 67. Nc6 Bg4 68. Kd6 Bh3 69. Kc7 Bf1 70. Kb6 Bc4 71. Nd8 Kd3 72. c6
Kxd4 73. c7 Kc3 74. c8=Q d4 75. Nb7 0-1

[Event "Sonderjysk EMT Basis 2 2011"]
[Site "Vojens"]
[Date "2011.05.16"]
[Round "3"]
[White "Jorgensen, Ken Gejl"]
[Black "Schluenzen, Kurt"]
[Result "1-0"]
[WhiteElo "1390"]
[BlackElo "1131"]
[PlyCount "51"]
[EventDate "2011.??.??"]

1. e4 c6 2. d4 d5 3. e5 Bf5 4. Bd3 Bxd3 5. Qxd3 e6 6. Nf3 h6 7. O-O Qb6 8. b3
c5 9. c4 Ne7 10. Be3 cxd4 11. Nxd4 Qc7 12. Nb5 Qd7 13. Bxa7 Nec6 14. Bb6 Na6
15. Qf3 g6 16. N1c3 Be7 17. Rad1 d4 18. Bxd4 Nxd4 19. Rxd4 Qc6 20. Nd6+ Kf8 21.
Qf4 Rh7 22. Nce4 g5 23. Qf3 Nc5 24. Nxc5 Qxf3 25. gxf3 b6 26. Nd7+ 1-0

[Event "Sonderjysk EMT Basis 2 2011"]
[Site "Vojens"]
[Date "2011.05.16"]
[Round "3"]
[White "Pedersen, Michael"]
[Black "Jorgensen, Kristine Gejl"]
[Result "1-0"]
[WhiteElo "1199"]
[BlackElo "1038"]
[PlyCount "107"]
[EventDate "2011.??.??"]

1. e4 e5 2. Nf3 Nc6 3. d4 d6 4. d5 Nce7 5. c4 Nf6 6. Bd3 c6 7. O-O cxd5 8. cxd5
Ng6 9. Qc2 Bd7 10. Bg5 Be7 11. Na3 O-O 12. Nc4 Rc8 13. Qd2 Bb5 14. Nxd6 Qxd6
15. Bxb5 Nxe4 16. Bxe7 Nxe7 17. Qe3 Qxd5 18. Bd3 Nc5 19. Rad1 e4 20. Bxe4 Qe6
21. Bxh7+ Kxh7 22. Ng5+ Kg8 23. Nxe6 Nxe6 24. Qxa7 Rb8 25. Rd7 Nc6 26. Qb6 Ned8
27. Re1 f6 28. a4 Ne5 29. Rc7 Nd3 30. Ree7 Rf7 31. Rxf7 Nxf7 32. Rxb7 Rxb7 33.
Qxb7 Nc5 34. Qc8+ Kh7 35. Qxc5 Ne5 36. b4 Nd7 37. Qh5+ Kg8 38. a5 Kf8 39. b5
Nb8 40. Qh8+ Kf7 41. Qxb8 g5 42. a6 Kg6 43. a7 g4 44. Qg8+ Kf5 45. a8=Q Ke5 46.
b6 f5 47. Qad5+ Kf6 48. Qgf7+ Kg5 49. Qfxf5+ Kh6 50. Qxg4 Kh7 51. b7 Kh6 52.
b8=Q Kh7 53. Qbg8+ Kh6 54. Qgh5# 1-0

[Event "Sonderjysk EMT Basis 2 2011"]
[Site "Vojens"]
[Date "2011.05.23"]
[Round "4"]
[White "Hansen, Uwe"]
[Black "Kallesen, Jesper"]
[Result "1-0"]
[WhiteElo "1392"]
[BlackElo "1454"]
[PlyCount "45"]
[EventDate "2011.??.??"]

1. e4 e6 2. Nf3 b6 3. Nc3 Bb7 4. d3 Bb4 5. Bd2 Nc6 6. a3 Bc5 7. b4 Bd4 8. b5
Qf6 9. bxc6 Bxc3 10. e5 Bxe5 11. cxb7 Rb8 12. Nxe5 Qxe5+ 13. Be2 Rxb7 14. O-O
Ne7 15. Re1 c6 16. Bf3 Qf6 17. Re4 Nd5 18. Qe1 O-O 19. Rg4 h6 20. c4 Nc7 21.
Bc3 e5 22. Bxe5 Qf5 23. Rxg7+ 1-0

[Event "Sonderjysk EMT Basis 2 2011"]
[Site "Vojens"]
[Date "2011.05.23"]
[Round "4"]
[White "Larsen, Finn (1954)"]
[Black "Jorgensen, Ken Gejl"]
[Result "1/2-1/2"]
[WhiteElo "1047"]
[BlackElo "1390"]
[PlyCount "53"]
[EventDate "2011.??.??"]

1. e4 e5 2. Bc4 Nf6 3. d3 h6 4. Nf3 Nc6 5. Nc3 Bc5 6. h3 a6 7. a4 d6 8. O-O Bd7
9. Nd5 Nxd5 10. Bxd5 Qf6 11. c3 O-O-O 12. b4 Ba7 13. b5 Nb8 14. bxa6 bxa6 15.
Qb3 Bc6 16. Rb1 Bxd5 17. Qxd5 Kd7 18. Ba3 Nc6 19. Rb2 Qe6 20. Qxe6+ Kxe6 21.
Nd2 f5 22. exf5+ Kxf5 23. Ne4 Rhe8 24. Re2 Rb8 25. Ng3+ Ke6 26. Kh2 Kd5 27. Nf5
1/2-1/2

[Event "Sonderjysk EMT Basis 2 2011"]
[Site "Vojens"]
[Date "2011.05.23"]
[Round "4"]
[White "Underbjerg, Niels"]
[Black "Jessen, Morten"]
[Result "0-1"]
[WhiteElo "1218"]
[BlackElo "1410"]
[PlyCount "70"]
[EventDate "2011.??.??"]

1. e4 c5 2. Nf3 d6 3. Bc4 Nf6 4. Ng5 e6 5. Nc3 Be7 6. d4 cxd4 7. Qxd4 O-O 8.
O-O Nc6 9. Qe3 Ne5 10. Be2 h6 11. Nf3 Nc6 12. a3 a6 13. Rd1 Qc7 14. h3 e5 15.
Ne1 b5 16. Nd5 Nxd5 17. exd5 Nd8 18. c3 f5 19. Nc2 Nb7 20. f4 Bd7 21. Qg3 e4
22. Be3 Bf6 23. Bd4 Qd8 24. Bxf6 Qxf6 25. b4 g5 26. Ne3 Kh8 27. Rac1 gxf4 28.
Qxf4 Qg5 29. Qxg5 hxg5 30. g3 Kg7 31. Rf1 f4 32. gxf4 Bxh3 33. Rf2 gxf4 34. Rh2
Rh8 35. Ng4 f3 0-1

[Event "Sonderjysk EMT Basis 2 2011"]
[Site "Vojens"]
[Date "2011.05.23"]
[Round "4"]
[White "Kristensen, Karl Martin"]
[Black "Bertelsen, Jorn"]
[Result "0-1"]
[WhiteElo "1402"]
[BlackElo "1474"]
[PlyCount "80"]
[EventDate "2011.??.??"]

1. c4 e5 2. Nc3 Nc6 3. e4 Nf6 4. d3 Bc5 5. f4 d6 6. Be2 Nd4 7. h3 Bd7 8. Nf3
Qe7 9. f5 h6 10. Bd2 Nxf3+ 11. Bxf3 Nh5 12. h4 Nf6 13. Qe2 Bd4 14. Rc1 g6 15.
g4 O-O-O 16. Be3 Bxc3+ 17. bxc3 Bc6 18. Rb1 b6 19. fxg6 fxg6 20. g5 hxg5 21.
Bxg5 Qg7 22. Bg4+ Kb8 23. Qf3 Rdf8 24. Qg2 Nxg4 25. Qxg4 Bd7 26. Qg2 Rf7 27.
Rf1 Rhf8 28. Rxf7 Qxf7 29. Be3 Qf3 30. Qxf3 Rxf3 31. Kd2 Rh3 32. Rg1 Rxh4 33.
Rxg6 Rh2+ 34. Kc1 Rxa2 35. Kb1 Rh2 36. Rf6 Rh3 37. Rf8+ Bc8 38. Bg5 Rxd3 39.
Kc2 Rh3 40. Bd8 Rh7 0-1

[Event "Sonderjysk EMT Basis 2 2011"]
[Site "Vojens"]
[Date "2011.05.23"]
[Round "4"]
[White "Schluenzen, Kurt"]
[Black "Clausen, Susan"]
[Result "0-1"]
[WhiteElo "1131"]
[BlackElo "1436"]
[PlyCount "59"]
[EventDate "2011.??.??"]

1. d4 d5 2. c4 e6 3. Nc3 dxc4 4. e4 b6 5. Bxc4 Bb7 6. a3 c6 7. Nf3 Nd7 8. Qc2
b5 9. Be2 a5 10. b3 Be7 11. O-O Nb6 12. Rd1 Qc7 13. Qd2 Nf6 14. e5 Nfd5 15. Bb2
O-O 16. Ne4 Rfd8 17. Rdc1 Nd7 18. Bxb5 Qb6 19. Bc4 Rac8 20. Bd3 h6 21. Qd1 c5
22. Be2 Nf4 23. Bc4 Bxe4 24. Bf1 Bd5 25. g3 Ng6 26. Bc4 Bb7 27. Qd3 Ba8 28. a4
Bxf3 29. Qxf3 cxd4 30. Qd1 0-1

[Event "Sonderjysk EMT Basis 2 2011"]
[Site "Vojens"]
[Date "2011.05.23"]
[Round "4"]
[White "Jorgensen, Palle Gejl"]
[Black "Pedersen, Michael"]
[Result "1-0"]
[WhiteElo "1425"]
[BlackElo "1199"]
[PlyCount "67"]
[EventDate "2011.??.??"]

1. e4 e5 2. Nf3 Nc6 3. Nc3 Nf6 4. Bc4 Bc5 5. O-O O-O 6. d3 d6 7. h3 Na5 8. Bb3
Nxb3 9. axb3 a6 10. Ne2 Be6 11. c4 Qc8 12. Ng5 Bd7 13. Be3 Bxe3 14. fxe3 h6 15.
Nf3 Bxh3 16. Qe1 Bd7 17. Nh2 c5 18. Qg3 Qd8 19. Nc3 Nh5 20. Qf3 Nf6 21. Rf2 Qe7
22. Raf1 Nh7 23. Qg3 Ng5 24. Nd5 Qd8 25. Nf3 Be6 26. Nxg5 hxg5 27. Nf6+ gxf6
28. Rxf6 g4 29. Qh4 Re8 30. Qh6 b5 31. Kf2 bxc4 32. Rh1 Qxf6+ 33. Qxf6 cxd3 34.
Qh8# 1-0

[Event "Sonderjysk EMT Basis 2 2011"]
[Site "Vojens"]
[Date "2011.05.23"]
[Round "4"]
[White "Beck, Kresten"]
[Black "Petersen, Broder"]
[Result "0-1"]
[WhiteElo "1257"]
[BlackElo "1451"]
[PlyCount "100"]
[EventDate "2011.??.??"]

1. e4 e5 2. Nf3 Nc6 3. d3 Bc5 4. Nc3 d6 5. Na4 Bb6 6. Nxb6 axb6 7. a3 f5 8.
exf5 Bxf5 9. Be3 Nf6 10. h3 O-O 11. Be2 Qd7 12. Nh2 d5 13. Bg4 d4 14. Bd2 Ne7
15. O-O Ng6 16. Bxf5 Qxf5 17. Qf3 Qxf3 18. Nxf3 Nd7 19. Ng5 c5 20. Ne4 b5 21.
c3 Ra6 22. g3 Rf3 23. c4 Rxd3 24. cxb5 Ra4 25. Rfc1 c4 26. Bb4 Rb3 27. Rab1
Rbxb4 28. axb4 Rxb4 29. Nd6 Nb6 30. Nxb7 Rxb5 31. Nd6 Rb4 32. Kf1 Ne7 33. Re1
Nc6 34. f4 Nd7 35. fxe5 Ncxe5 36. Ra1 h6 37. Rab1 Kh7 38. Nf5 d3 39. Red1 Nc5
40. Ne3 Ne4 41. Kg2 Rb3 42. Nd5 Ng5 43. Nc3 Ngf3 44. Kf2 Kg6 45. Ne4 h5 46. Nc5
Rb5 47. Nd7 Kf5 48. Nxe5 Nxe5 49. Ke3 Ke6 50. Rf1 Kd5 0-1

[Event "Sonderjysk EMT Basis 2 2011"]
[Site "Vojens"]
[Date "2011.05.30"]
[Round "5"]
[White "Larsen, Finn (1954)"]
[Black "Kallesen, Jesper"]
[Result "0-1"]
[WhiteElo "1047"]
[BlackElo "1454"]
[PlyCount "72"]
[EventDate "2011.??.??"]

1. e4 e6 2. d4 d5 3. e5 c5 4. c3 Nc6 5. Nf3 Nge7 6. Bg5 Qb6 7. b3 h6 8. Be3 Nf5
9. dxc5 Nxe3 10. cxb6 Nxd1 11. Kxd1 Bc5 12. Ke2 Bxb6 13. g3 Bc7 14. Bg2 Nxe5
15. Nd4 Bd7 16. Re1 Bb6 17. Kf1 f6 18. Bh3 Bxd4 19. cxd4 Nf3 20. Rd1 Rc8 21.
Kg2 Ng5 22. Bg4 h5 23. Be2 Ne4 24. a4 Rc2 25. Kf1 h4 26. f3 Nc3 27. Nxc3 Rxc3
28. g4 Rxb3 29. Rdc1 O-O 30. Rc7 Bc6 31. Re7 Re8 32. Rxe8+ Bxe8 33. a5 Bb5 34.
Bxb5 Rxb5 35. Rc1 Rxa5 36. Rc7 b5 0-1